|
|
|
|
| LEADER |
00000nab a2200000 a 4500 |
| 001 |
vtls009409062 |
| 003 |
SK-MaSNL |
| 005 |
20260318133217.0 |
| 008 |
081121 20081121xo | || | |00 0 hun| |
| 038 |
|
|
|a NZKAB
|
| 040 |
|
|
|a NZKAB
|b slo
|c NZKAB
|e AACR2
|
| 041 |
0 |
|
|a hun
|
| 044 |
|
|
|a xo
|c SK
|
| 080 |
|
|
|a 791
|2 1997
|
| 245 |
0 |
0 |
|a Pöttöm koncerttel zárták a rendezvényt
|c [szerző] (száz)
|
| 600 |
1 |
7 |
|a Berényi, Margit
|x predsedníčka
|2 nzkab
|9 1044454
|
| 610 |
2 |
7 |
|a Csemadok (Nové Zámky, Slovensko)
|2 nzkab
|9 89530
|
| 611 |
2 |
7 |
|a Kárpát medencei Énekmondó Fesztivál Érsekújvárban
|n ( 3. :
|d 2008 :
|c Nové Zámky (Slovensko)
|2 nzkab
|9 1241924
|
| 648 |
|
7 |
|a 15.11.2008
|2 nzkab
|9 1049776
|
| 650 |
0 |
7 |
|a hudobné festivaly
|2 nzkab
|9 2958
|
| 651 |
|
7 |
|a Nové Zámky (Slovensko)
|2 nzkab
|9 15884
|
| 773 |
0 |
|
|t Új Szó
|g Évf. 61, sz. 269 (21.11.2008)
|x 1335-7050
|
| 773 |
0 |
8 |
|i Príl.:
|t Régiópress
|g 3, sz.10, o.1és4
|
| 852 |
|
|
|a NZKAB
|b KIS3GCP
|
| 958 |
|
|
|a RG
|
| 958 |
|
|
|a NM
|
| 999 |
|
|
|c 2199830
|d 2201760
|